50 Greatest NBA Players Without Championship Rings - Statistics

General Stats
  • This quiz has been taken 39 times
  • The average score is 13 of 50
Answer Stats
Rank Player % Correct
2 Charles Barkley
84%
12 Karl Malone
73%
3 Allen Iverson
68%
4 Patrick Ewing
62%
6 Reggie Miller
59%
13 John Stockton
57%
5 Steve Nash
49%
10 Chris Paul
43%
16 Carmelo Anthony
38%
7 Dominique Wilkins
38%
1 Elgin Baylor
35%
11 George Gervin
32%
17 Pete Maravich
32%
9 Tracy McGrady
32%
27 Dikembe Mutombo
30%
21 Dwight Howard
30%
15 Vince Carter
30%
18 Alex English
27%
23 Chris Webber
27%
37 Jack Sikma
27%
25 Kevin Johnson
27%
46 Larry Johnson
27%
44 Mark Jackson
27%
24 Shawn Kemp
27%
42 Spud Webb
27%
19 Bernard King
24%
50 Chris Mullin
22%
38 Derek Harper
22%
20 Dave Bing
19%
14 Yao Ming
19%
22 Amar’e Stoudemire
16%
8 Grant Hill
16%
31 Nate Thurmond
16%
49 Alonzo Mourning
14%
29 Artis Gilmore
14%
36 Mark Aguirre
14%
28 Sidney Moncrief
14%
43 Glen Rice
11%
40 Mitch Richmond
11%
26 Gilbert Arenas
8%
48 Kevin Martin
8%
41 Larry Nance
8%
33 Mark Price
8%
47 Maurice Cheeks
8%
30 Reggie Theus
8%
32 Tom Chambers
8%
39 World B. Free
8%
35 Jerry Stackhouse
5%
34 Terry Cummings
3%
45 Lou Hudson
0%
No matching quizzes found
Score Distribution
Percent of People with Each Score
Percentile by Number Answered
Your Score History
You have not taken this quiz